Normal view
MARC view
- Ramamurti, V,
Entry Personal Name
001 - CONTROL NUMBER
- control field: 1393
003 - CONTROL NUMBER IDENTIFIER
- control field: OSt
005 - DATE AND TIME OF LATEST TRANSACTION
- control field: 20160901103356.0
008 - FIXED-LENGTH DATA ELEMENTS
- fixed length control field: 160901|| aca||aabn | a|a d
040 ## - CATALOGING SOURCE
- Original cataloging agency: OSt
- Transcribing agency: OSt
100 ## - HEADING--PERSONAL NAME
- Personal name: Ramamurti, V,
670 ## - SOURCE DATA FOUND
- Source citation: Work cat.: (OSt)13604: Ramamurti, V,, Finite Element Method in Machine Design, 2009
